=LDR 00000nam 2200000 4500 =001 INLIS000000000005213 =005 20130612093451 =008 ***********************************Ind** =035 ##$$0010-061300000005213 =041 ##$$a Ind =082 ##$$a 915.94 =090 ##$$a 915.94, Gre m =100 ##$$a GRESHAM, Bill =245 ##$$a Merantau ke Australia, Bill Gresham =260 ##$$a 1993 $b Ende =300 ##$$a ix, 177 hlm, ilus, 21 cm =650 ##$$a Australia =650 ##$$a Petunjuk Bagi Wisatawan =850 ##$$a NBPNMAT